| 000 | 01431cam a22001814a 4500 | ||
|---|---|---|---|
| 005 | 20250605164349.0 | ||
| 008 | 250528s ||||||||||||||||||||||||d | ||
| 035 | _a24079 | ||
| 040 |
_aGR-AtMCL _bgre _dGR-AtMCL _eAACR2 |
||
| 245 | 1 | _aΒαρόμετρο Ε.Β.Ε.Α.: Το Πρωτογενές Πλεόνασμα δεν Έχει Ακόμη Αντίκτυπο στην Καθημερινότητα των Πολιτών | |
| 260 |
_bΕμπορικό Και Βιομηχανικό Επιμελητήριο Αθηνών, _c2014 |
||
| 300 | _a64 | ||
| 520 | _aΨηφίσματα Έκτακτης Γενικής Συνέλευσης της Κ.Ε.Ε., Η Σύνδεση της Εκπαίδευσης και της Επαγγελματικής Κατάρτισης με την Αγορά Εργασίας ως Επένδυση, Λύση για το Ελληνικό Χρέος Αναζητου΄ν οι Ευρωπαίοι, Πολιτική Λύση για την Εκταμίευση της Δόσης, Θετικά Στοιχεία αλλά και Κόπωση στις Μεταρρυθμίσεις, Πριν από τον Οριστικό Απολογισμό, Ενιαίος Φορέας Εσωστρέφειας, Στοίχημα να Διατηρήσουμε τη Δυναμική στον Τουρισμό. | ||
| 700 | 1 |
_aΜίχαλος Κωνσταντίνος _94319 |
|
| 942 | _cCR | ||
| 999 |
_c8978 _d8978 |
||